000 00638cam a2200205 a 4500
020 _a0434902365
082 0 0 _a690
_bCHU
_cL-14, P-186
100 1 _aChudley, R.
_924710
245 1 0 _aBuilding construction handbook /
_cR. Chudley
250 _a1st ed.
260 _aOxford ;
_bHeinemann newnes
_c1988.
300 _a539 p. :
_bill., plans ;
_c24 cm.
500 _aIncludes index.
526 _a0
_b0
_c0
_d690_000000000000000_CHU
650 0 _aBuilding
_xHandbooks, manuals, etc.
650 0 _aMCE
_9379
700 1 _aGreeno, Roger.
_924713
856 4 2 _uhttp://www.loc.gov/catdir/enhancements/fy1117/98178416-d.html
942 _2ddc
_cBK
999 _c548638
_d548638